Desmodulador de señales PAM digitalizadas utilizando el TDK320VC5416
保存先:
| 第一著者: | |
|---|---|
| フォーマット: | 図書 |
| 出版事項: |
[San José, Costa Rica]
2008
|
| 主題: | |
| タグ: |
タグ追加
タグなし, このレコードへの初めてのタグを付けませんか!
|
MARC
| LEADER | 00000nam a2200000Ia 4500 | ||
|---|---|---|---|
| 003 | 010342 | ||
| 005 | 20221231144059.0 | ||
| 008 | 140114s2008 cr a 000 ||s d | ||
| 040 | |c cru CEDI | ||
| 090 | |a TFG 5662 | ||
| 100 | |a Gutiérrez Rivera, Fernando |9 2930 | ||
| 245 | |a Desmodulador de señales PAM digitalizadas utilizando el TDK320VC5416 | ||
| 260 | |c 2008 |b [San José, Costa Rica] | ||
| 300 | |a iv, 57 hojas; ilustraciones | ||
| 500 | |a Título de la cubierta: Demodulador de señales PAM digitalizadas utilizando el TDK320VC5416--Proyecto de graduación (bachiller en ingeniería eléctrica)-- Universidad de Costa Rica. Facultad de Ingeniería. Escuela de Ingeniería Eléctrica | ||
| 650 | |x TEORIA DE LAS SEÑALES (TELECOMUNICACIONES) |x PROCESAMIENTO DE SEÑALES |x ELECTRONICA DIGITAL |x MODULACION (ELECTRONICA) |9 4323 | ||
| 942 | |c TFG | ||
| 999 | |c 16599 |d 16599 | ||
